000 00852nam a22002055i 4500
001 153848
003 ES-MaACL
005 20250903063440.0
008 050913s1855 sp | |||||||| ||spa d
080 _a358.23(460)
245 0 0 _aEstado del Cuerpo de Ingenieros del Ejército en 1º de enero de 1855.
260 _aMadrid :
_b[s.n.],
_c1855 (
_fImp. del Memorial de Ingenieros)
300 _a139 p. ;
_c21 cm.
530 _aDisponible en formato digital.
610 1 _aEspaña.
_bCuerpo de Ingenieros del Ejército.
_93681
710 2 _aImprenta del Memorial de Ingenieros
_9134482
852 4 _aES-MaACL
_jT-14-F-3
_z- Enc. hol., falto de la enc. original
_z- Enc. en un vol. facticio
856 4 _uhttp://bibliotecavirtualdefensa.es/BVMDefensa/es/consulta/registro.do?id=10000047844
_zBiblioteca Virtual de Defensa
999 _c153848
_d153848